000 00724nam a22002297a 4500
005 20240530110854.0
008 210929s2020 ua g 000 f ara d
017 _a2020/13846
_bمصر. دار الكتب
020 _a9789777643298
040 _aEG-CaGPL
_cEG-CaGPL
082 0 4 _221
_a813.081/
_bإ ك
100 0 _aابراهيم عيسى
245 1 0 _aكل الشهور يوليو/
_cابراهيم عيسى
260 _aالقاهرة :
_bالكرمة،
_c2020.
300 _a659 ص.؛
_c19 سم.
650 0 7 _2qrmak
_aالادب العربى
650 0 7 _2qrmak
_aالقصص العربية
650 0 7 _2qrmak
_aالقصص التاريخية
651 _2qrmak
942 _2ddc
_cBK
999 _c66011
_d66011